19. Andrea - Bad Bunny ft. Buscabulla - Estadísticas

Estadísticas generales
  • Esta prueba ha sido intentada 161 veces
  • La puntuación promedio es 346 de 496
Estadísticas de respuestas
% Correcto
A
99%
a
99%
Andrea
98%
la
98%
La
98%
de
97%
De
97%
y
97%
Y
97%
qui-
95%
que
93%
Que
93%
qué
93%
si
93%
mañana
92%
un
92%
con
91%
no
91%
No
91%
como
90%
Como
90%
se
90%
Se
90%
sin
89%
conocerla
87%
Mucho'
87%
critican
86%
pa'
86%
Pa'
86%
Saliendo
86%
lo
85%
Lo
85%
en
82%
Quiere
82%
quiere
82%
alguien
81%
Calle
81%
el
81%
Perla
81%
es
80%
Inteligente
80%
ha
78%
Solo
78%
solo
78%
Tesla
78%
quiera
76%
Ni
75%
quererla
75%
Civic
74%
Le
74%
le
74%
mujer
71%
PR
71%
me
70%
Soñando
70%
indicado
69%
ningún
68%
quiero
68%
Quiero
68%
su
68%
ve
68%
yo
68%
Yo
68%
demonia
67%
fuera
67%
pecado
67%
Pero
67%
pueda
67%
Una
67%
una
67%
amores
66%
compre
66%
despertado
66%
guerrera
66%
66%
Mi
66%
ser
66%
va
66%
hace
65%
Inter
65%
llega
65%
quedarse
65%
todo
65%
estado
64%
mala
64%
Por
64%
por
64%
cambiarla
63%
complicado
63%
Equivocándose
63%
irse
63%
comprenderla
62%
hacer
62%
buena
60%
ella
60%
atreva
59%
camina
59%
nunca
59%
par
59%
tu
59%
abrazo'
58%
beso'
58%
falta
58%
nadie
58%
botellazo
57%
diga
56%
ven
56%
1
55%
cabrón
55%
Temperamental
55%
tengo
55%
esa
54%
vida
54%
Arco
53%
campesina
53%
loca
53%
loco
53%
niña
53%
tarima
53%
aguanta'
52%
asesina
52%
Cansada
52%
diva
52%
familia
52%
gobierno
52%
hombre
52%
llama
52%
opina
52%
colmo
51%
Fórmula
51%
marea
51%
payaso
51%
tan
51%
vino
51%
Juana
49%
tinto
49%
ahora
48%
bajo
48%
bicho
48%
comenta
48%
den
48%
rosas
48%
soltar
48%
Subo
48%
subo
48%
Verstappen
48%
cabrona
47%
cuando
47%
digan
47%
espina'
47%
ingeniero
47%
poco
47%
quedan
47%
vaso
47%
ayer
46%
casos
46%
coco
46%
corazón
46%
hizo
46%
pida'
46%
propina
46%
quiten
46%
sabe
46%
tanto
46%
aunque
45%
Aunque
45%
hay
45%
jefa
45%
marchiten
45%
merece
45%
patrona
45%
pedazos
45%
playita
45%
pregunten
45%
rapero'
45%
recibe
45%
sea
45%
toda
45%
aguantarle
44%
doctor
44%
esquina
44%
flor
44%
futuro
44%
hacerse
44%
herida
44%
inviten
44%
pan
44%
van
44%
desmorona
43%
dice
43%
entienda
43%
gustaba
43%
helado
43%
leer
43%
mienta
43%
Quédate
43%
respeto
43%
reza
43%
siempre
43%
sushi
43%
acicala
42%
Chico
42%
cuero
42%
las
42%
lazo'
42%
lindo
42%
malo
42%
más
42%
bichote'
41%
bueno
41%
casi
41%
dentro
41%
Días
41%
ma'i
41%
Marco'
41%
piten
41%
chistes
40%
contenta
40%
verán
40%
Yoko
40%
básquet
38%
cuenta
38%
esperar
38%
semana
38%
suero
38%
busca'o
37%
renta
37%
tambalean
36%
conmigo
35%
hablar
35%
jangueando
35%
tratan
35%
Daytona
33%
prima
33%
Joseando
32%
Llorando
31%
poder
30%
IUPI
29%
ponen
29%
persona'
27%
mamen
22%
montar
22%
Niurka
22%
Baker
18%
Buddy
13%
tweet
8%
Salgado
7%
estudiar
4%
No se encontraron pruebas coincidentes
Distribución de puntuación
Porcentaje de gente con cada puntuación
Porcentaje por número respondido
Historial de tus puntuaciones
No has intentado esta prueba.